[Event "Solin 7th"]
[Site "Solin"]
[Date "1999.12.16"]
[Round "5"]
[White "Morovic Fernandez, Ivan"]
[Black "Dizdarevic, Emir"]
[Result "1/2-1/2"]
[WhiteElo "2608"]
[BlackElo "2527"]
[PlyCount "136"]
[EventDate "1999.12.10"]
[Source "ChessBase"]
[SourceDate "2000.04.05"]

1. d4 Nf6 2. c4 d6 3. Nc3 e5 4. Nf3 e4 5. Ng5 Qe7 6. Qc2 Bf5 7. g4 Bg6 8. Bg2 Nc6 9. d5 Ne5 10. Ngxe4 Nxe4 11. Bxe4 Nxg4 12. h4 Nf6 13. Bxg6 hxg6 14. Bg5 Qd7 15. O-O-O O-O-O 16. e4 Re8 17. f3 Be7 18. Qf2 b6 19. Nb5 Kb7 20. Nd4 Ng8 21. Nc6 Bf6 22. Rhe1 Ne7 23. Nd4 Bxd4 24. Rxd4 Rh5 25. Bf4 Qh3 26. Bg3 g5 27. hxg5 Rxg5 28. Rg1 Rh8 29. Rdd1 Rh6 30. Bf4 Rxg1 31. Qxg1 Rf6 32. Bg5 Rg6 33. Qe3 f6 34. Bf4 Rg2 35. c5 bxc5 36. Qb3+ Kc8 37. Qb5 Kd8 38. Bd2 Nc8 39. f4 Qg4 40. e5 Rg1 41. Rxg1 Qxg1+ 42. Kc2 Qd4 43. Qb7 dxe5 44. fxe5 Qxe5 45. Qc6 Qd6 46. Qa8 Kd7 47. Be3 Qa6 48. Kd2 Qb5 49. b3 c4 50. bxc4 Qxc4 51. a3 Qa2+ 52. Ke1 Qc4 53. Kf2 g5 54. Qb7 a6 55. a4 Nd6 56. Qb1 Ne4+ 57. Kf3 f5 58. Qh1 Qxd5 59. Qh7+ Kc6 60. Ke2 f4 61. Bg1 f3+ 62. Ke3 g4 63. Qxe4 Qxe4+ 64. Kxe4 Kd6 65. Kf4 Kd5 66. Kxg4 Ke4 67. Kg3 c6 68. Bf2 Kd3 1/2-1/2

[Event "5. Open"]
[Site "?"]
[Date "2004.11.07"]
[Round "7"]
[White "Damljanovic Branko"]
[Black "Dizdarevic Emir"]
[Result "0-1"]
[WhiteElo "2578"]
[BlackElo "2538"]
[PlyCount "63"]
[EventDate "2004.??.??"]
[Source "www.chesslib.no"]
[SourceDate "2004.05.04"]

1. d4 Nf6 2. c4 d6 3. Nc3 e5 4. Nf3 e4 5. Ng5 Qe7 6. Qc2 Nc6 7. Ngxe4 Nxe4 8. Qxe4 Qxe4 9. Nxe4 Nxd4 10. Kd1 Bf5 11. Nc3 Bc2+ 12. Kd2 Bg6 13. h4 h5 14. e4 f5 15. Bd3 fxe4 16. Bxe4 Bxe4 17. Re1 Kd7 18. Rxe4 Nf5 19. Kd3 Be7 20. g3 c6 21. Bd2 Bf6 22. Rae1 Rae8 23. b3 Bxc3 24. Bxc3 Rxe4 25. Rxe4 Rf8 26. Bd2 a6 27. Bg5 b5 28. Rf4 Ke6 29. f3 Rh8 30. Re4+ Kf7 31. Bf4 Rd8 32. Re1 0-1

[Event "Sochi RUS"]
[Site "?"]
[Date "2006.04.28"]
[Round "9"]
[White "Yakovich Yuri"]
[Black "Novikov Stanislav"]
[Result "1-0"]
[WhiteElo "2570"]
[BlackElo "2545"]
[PlyCount "109"]
[EventDate "2006.??.??"]
[Source "www.chesslib.no"]
[SourceDate "2004.05.04"]

1. d4 Nf6 2. c4 d6 3. Nc3 e5 4. Nf3 e4 5. Ng5 Qe7 6. f3 exf3 7. gxf3 h6 8. Nh3 g5 9. Nf2 c5 10. h4 gxh4 11. Rxh4 Nc6 12. Nd5 Nxd5 13. Re4 cxd4 14. Rxe7+ Ndxe7 15. Ne4 Nf5 16. Bf4 Be7 17. Qb3 Bd7 18. Bh3 O-O-O 19. O-O-O Ng7 20. Bxd7+ Rxd7 21. Qb5 Ne6 22. Bh2 Rg8 23. Qh5 Rg2 24. Re1 Ng5 25. Nxg5 Bxg5+ 26. f4 Bd8 27. Rg1 Rxg1+ 28. Bxg1 Re7 29. Kd1 Bb6 30. Qxh6 d3 31. e3 Kc7 32. Kd2 Rd7 33. Kxd3 d5 34. cxd5 Rxd5+ 35. Ke2 f5 36. Qh7+ Kd6 37. Qxb7 Rb5 38. Qf7 Rxb2+ 39. Kf3 Rb5 40. Bf2 Rd5 41. Ke2 Bd8 42. Be1 Rc5 43. Bd2 Be7 44. Qg7 a5 45. Bc3 Ke6 46. Qg8+ Kd7 47. Bg7 Kd6 48. Qf7 Rb5 49. Kf3 Rd5 50. Bh6 Rc5 51. Qe8 Rd5 52. Bg5 Rc5 53. Bxe7+ Nxe7 54. Qd8+ Ke6 55. Qb6+ 1-0

[Event "Skopje op 18th"]
[Site "Skopje"]
[Date "2002.01.22"]
[Round "8"]
[White "Graf, Alexander"]
[Black "Dizdarevic, Emir"]
[Result "1-0"]
[WhiteElo "2605"]
[BlackElo "2502"]
[PlyCount "67"]
[EventDate "2002.01.15"]
[Source "ChessBase"]
[SourceDate "2002.03.21"]

1. d4 Nf6 2. c4 d6 3. Nc3 e5 4. Nf3 e4 5. Nd2 Qe7 6. Nb3 c6 7. Bg5 Bf5 8. e3 Nbd7 9. Be2 Qd8 10. g4 Bg6 11. h4 h6 12. Bf4 d5 13. Nd2 Nb6 14. Qb3 dxc4 15. Nxc4 Nfd5 16. Nxb6 Nxb6 17. d5 Be7 18. O-O-O Qc8 19. d6 Bd8 20. h5 Bh7 21. g5 hxg5 22. h6 Bf6 23. hxg7 Bxg7 24. Rxh7 Rxh7 25. d7+ Nxd7 26. Nxe4 Rh6 27. Bxg5 Nc5 28. Nxc5 Qf5 29. Qxb7 Qxc5+ 30. Kb1 Qf5+ 31. Ka1 Bxb2+ 32. Kxb2 Qe5+ 33. Kc2 Qf5+ 34. Kb3 1-0

[Event "Haifa"]
[Site "?"]
[Date "1989.??.??"]
[Round "?"]
[White "Polugaevsky, L."]
[Black "Hickl, J."]
[Result "1-0"]
[WhiteElo "2595"]
[BlackElo "2495"]
[PlyCount "47"]
[EventDate "1989.??.??"]
[Source "ChessBase"]
[SourceDate "1989.07.01"]

1. d4 Nf6 2. c4 d6 3. Nc3 e5 4. Nf3 e4 5. Ng5 Bf5 6. g4 Bxg4 7. Bg2 Be7 8. Ngxe4 Nxe4 9. Bxe4 c6 10. Qd3 Bh5 11. Bf4 Bg6 12. O-O-O Na6 13. h4 d5 14. cxd5 Nb4 15. Qe3 cxd5 16. Bxg6 hxg6 17. a3 Nc6 18. Qf3 Rh5 19. e4 Bxh4 20. Nxd5 Rc8 21. Kb1 Kf8 22. Qg4 Na5 23. Bd6+ Ke8 24. Nc7+ 1-0

[Event "It (Men) Montreal CAN"]
[Site "?"]
[Date "2005.08.03"]
[Round "1"]
[White "Roussel Roozmon Thomas"]
[Black "Efimenko Zahar"]
[Result "0-1"]
[WhiteElo "2439"]
[BlackElo "2643"]
[PlyCount "80"]
[EventDate "2005.??.??"]
[Source "www.chesslib.no"]
[SourceDate "2004.05.04"]

1. d4 Nf6 2. c4 d6 3. Nc3 e5 4. Nf3 e4 5. Ng5 Qe7 6. h4 h6 7. Nh3 c6 8. Bf4 Na6 9. e3 Bf5 10. Qa4 Qd7 11. O-O-O Bg4 12. Rd2 Nc7 13. Ng1 a6 14. f3 exf3 15. gxf3 Be6 16. Qa5 b5 17. d5 Bf5 18. e4 Nh5 19. Nge2 b4 20. Na4 Rb8 21. dxc6 Qxc6 22. exf5 Nxf4 23. Nd4 Qb7 24. Bd3 Nxd3+ 25. Rxd3 Be7 26. Re1 Kf8 27. f6 Bxf6 28. Nf5 Qc6 29. Kb1 Qxc4 30. Rxd6 Rb5 31. Nb6 Rxa5 32. Nxc4 Rxf5 33. Rc6 Bd8 34. Rd6 Be7 35. Rd7 Ne6 36. Ne3 Re5 37. Rc1 Rxe3 38. Rc8+ Bd8 39. Rdxd8+ Nxd8 40. Rxd8+ Re8 0-1

[Event "CRO-Cup"]
[Site "Pula"]
[Date "1998.??.??"]
[Round "3"]
[White "Horvath, Csaba"]
[Black "Dizdarevic, Emir"]
[Result "1/2-1/2"]
[WhiteElo "2535"]
[BlackElo "2540"]
[PlyCount "21"]
[EventDate "1998.??.??"]
[Source "www.chesslib.no"]
[SourceDate "2004.05.04"]

1. d4 Nf6 2. c4 d6 3. Nc3 e5 4. Nf3 e4 5. Ng5 Qe7 6. h4 h6 7. Nh3 g6 8. e3 c6 9. Be2 Na6 10. b3 Nc7 11. Ba3 1/2-1/2

[Event "Open A"]
[Site "Riga"]
[Date "2004.08.20"]
[Round "8"]
[White "Stefansson, Hannes"]
[Black "Novikov, Stanislav"]
[Result "1-0"]
[WhiteElo "2549"]
[BlackElo "2520"]
[PlyCount "59"]
[EventDate "2004.08.15"]
[Source "Roberto Alvarez"]
[SourceDate "2004.09.06"]

1. d4 Nf6 2. c4 d6 3. Nc3 e5 4. Nf3 Nbd7 5. g3 Be7 6. Bg2 O-O 7. O-O c6 8. Qc2 Re8 9. h3 Bf8 10. e4 a6 11. Be3 Qc7 12. Rac1 b6 13. b4 exd4 14. Nxd4 Ne5 15. Qe2 c5 16. Nb3 Be6 17. Nd2 cxb4 18. Nd5 Bxd5 19. cxd5 Qb7 20. f4 Ned7 21. Rc4 a5 22. Rc6 Nc5 23. e5 Nfd7 24. exd6 Qb8 25. Qf3 Bxd6 26. Nc4 Bf8 27. Bd4 Na6 28. Qg4 Qd8 29. Nd6 a4 30. Bxg7 1-0

[Event "Lone Pine"]
[Site "Lone Pine"]
[Date "1975.??.??"]
[Round "4"]
[White "Benko, Pal C"]
[Black "Schmid, Lothar"]
[Result "1/2-1/2"]
[WhiteElo "2515"]
[BlackElo "2540"]
[PlyCount "51"]
[EventDate "1975.??.??"]
[Source "www.chesslib.no"]
[SourceDate "2004.05.04"]

1. d4 Nf6 2. c4 d6 3. Nc3 e5 4. Nf3 Nbd7 5. Bg5 Be7 6. Qc2 c6 7. e3 O-O 8. Be2 Ne8 9. Bxe7 Qxe7 10. O-O Nef6 11. Rfd1 Re8 12. b4 Nf8 13. b5 Bg4 14. bxc6 bxc6 15. c5 e4 16. cxd6 Qxd6 17. Nd2 Bxe2 18. Nxe2 Rac8 19. Rac1 N8d7 20. Ng3 Qd5 21. Qc4 h5 22. h3 g6 23. Qa6 h4 24. Ne2 Qb5 25. Qxb5 cxb5 26. Nc3 1/2-1/2

[Event "Dallas Pinfork op4"]
[Site "Dallas"]
[Date "1996.??.??"]
[Round "?"]
[White "Kaidanov, Gregory S"]
[Black "Martin del Campo, Roberto"]
[Result "1/2-1/2"]
[WhiteElo "2605"]
[BlackElo "2445"]
[PlyCount "33"]
[EventDate "1996.??.??"]
[Source "www.chesslib.no"]
[SourceDate "2004.05.04"]

1. d4 Nf6 2. c4 d6 3. Nc3 e5 4. Nf3 exd4 5. Nxd4 g6 6. Bg5 Bg7 7. e3 h6 8. Bh4 Nc6 9. Nxc6 bxc6 10. Be2 Rb8 11. Qc2 O-O 12. O-O Re8 13. Rac1 c5 14. Bf3 Bf5 15. e4 Bd7 16. Bg3 Qc8 17. Rfe1 1/2-1/2

[Event "AUT-chT2S 9900"]
[Site "?"]
[Date "2000.01.22"]
[Round "5.4"]
[White "Stohl Igor"]
[Black "Tratar Marko"]
[Result "1-0"]
[WhiteElo "2600"]
[BlackElo "2442"]
[PlyCount "31"]
[EventDate "2000.??.??"]
[Source "www.chesslib.no"]
[SourceDate "2004.05.04"]

1. d4 Nf6 2. c4 d6 3. Nc3 e5 4. Nf3 e4 5. Ng5 Bf5 6. g4 Bxg4 7. Bg2 c6 8. Ngxe4 Nxe4 9. Nxe4 Nd7 10. Qb3 Qc7 11. Bf4 Bf5 12. Ng3 Bg6 13. c5 Qa5+ 14. Kf1 O-O-O 15. cxd6 Nf6 16. Rc1 1-0

[Event "CRO-chT"]
[Site "Pula"]
[Date "1999.09.11"]
[Round "3"]
[White "Horvath, Csaba"]
[Black "Dizdarevic, Emir"]
[Result "1/2-1/2"]
[WhiteElo "2509"]
[BlackElo "2527"]
[PlyCount "33"]
[EventDate "1999.09.05"]
[Source "www.chesslib.no"]
[SourceDate "2004.05.04"]

1. d4 Nf6 2. c4 d6 3. Nc3 e5 4. Nf3 e4 5. Ng5 Qe7 6. Qc2 Bf5 7. f3 Nc6 8. d5 Nb8 9. fxe4 Bg6 10. Qb3 b6 11. Qa4+ Nfd7 12. c5 bxc5 13. g3 Kd8 14. Bh3 Nb6 15. Qc2 Qe8 16. O-O Be7 17. Bf5 1/2-1/2

[Event "Sitges op 26th"]
[Site "?"]
[Date "2000.07.24"]
[Round "4"]
[White "Gual Pascual Antonio"]
[Black "Georgiev Vladimir"]
[Result "1/2-1/2"]
[WhiteElo "2453"]
[BlackElo "2564"]
[PlyCount "50"]
[EventDate "2000.??.??"]
[Source "www.chesslib.no"]
[SourceDate "2004.05.04"]

1. d4 Nf6 2. c4 d6 3. Nc3 e5 4. Nf3 e4 5. Ng5 Qe7 6. Qc2 Bf5 7. f3 Nc6 8. fxe4 Bg6 9. Qa4 Qd7 10. e3 h6 11. Nh3 Nxe4 12. Nxe4 Bxe4 13. Nf2 Bg6 14. g3 d5 15. Bh3 Bf5 16. Bxf5 Qxf5 17. O-O O-O-O 18. Nd1 Qh3 19. Nc3 h5 20. Nxd5 Bd6 21. Qc2 h4 22. Qf5+ Qxf5 23. Rxf5 hxg3 24. hxg3 Rh3 25. Rxf7 Rxg3+ 1/2-1/2

[Event "St Petersburg A Petrov-mem"]
[Site "St Petersburg"]
[Date "2000.02.09"]
[Round "3"]
[White "Aleksandrov, Aleksej"]
[Black "Varavin, V."]
[Result "1-0"]
[WhiteElo "2606"]
[BlackElo "2410"]
[PlyCount "265"]
[EventDate "2000.02.07"]
[Source "www.chesslib.no"]
[SourceDate "2004.05.04"]

1. d4 Nf6 2. c4 d6 3. Nc3 e5 4. Nf3 e4 5. Nd2 Bf5 6. Qb3 Nc6 7. e3 Rb8 8. g3 d5 9. cxd5 Nb4 10. Bc4 Bd6 11. a3 Na6 12. Qa4+ Kf8 13. b4 Ra8 14. h3 h5 15. Bxa6 bxa6 16. Qxa6 Rh6 17. Bb2 Kg8 18. Qc4 Qe7 19. Nb3 Re8 20. Nc5 Qd8 21. O-O-O Qc8 22. h4 Ng4 23. Rd2 Rf6 24. Re1 Bg6 25. Ree2 Qf5 26. Kb1 Qf3 27. Ka2 Qg2 28. Qb5 Rd8 29. Qa5 Rxf2 30. Nb7 Rf8 31. Rxf2 Nxf2 32. Nxd6 cxd6 33. Nd1 Qf3 34. Nxf2 Qxe3 35. Rc2 Qf3 36. Qb5 e3 37. Nd3 a6 38. Qxa6 Qxd5+ 39. Ka1 Re8 40. Rc1 e2 41. Ne1 Qb3 42. Qc4 Qxg3 43. d5 Re4 44. Qc3 Qxc3 45. Rxc3 Rxh4 46. b5 Rh1 47. Rc8+ Kh7 48. Bc3 Be4 49. b6 Bxd5 50. Rd8 h4 51. Rxd6 Ba8 52. Rd8 h3 53. Rxa8 h2 54. b7 Rxe1+ 55. Bxe1 h1=Q 56. Rh8+ Kxh8 57. b8=Q+ Kh7 58. Qg3 Kg8 59. Kb2 Qe4 60. Bc3 f6 61. Qb8+ Kf7 62. Qb4 Qd3 63. a4 Ke6 64. a5 Kd7 65. Qb7+ Kd8 66. Qb6+ Kd7 67. Be1 Qd6 68. Qb5+ Kc8 69. Qe8+ Kb7 70. Qe4+ Kc8 71. Bc3 Qb8+ 72. Kc2 Qb5 73. Kd2 Kb8 74. Qe7 Qc4 75. Qf8+ Qc8 76. Qd6+ Qc7 77. Qe6 e1=Q+ 78. Qxe1 Qd7+ 79. Kc1 Qc6 80. Qg3+ Kb7 81. Qxg7+ Ka6 82. Qg3 Qa8 83. Kb2 Qb7+ 84. Ka3 Qc6 85. Qe3 Qd6+ 86. Bb4 Qc6 87. Qd3+ Kb7 88. Kb2 Qg2+ 89. Kb3 Qc6 90. Bc3 Qe6+ 91. Kb2 Qc6 92. Qf5 Ka6 93. Qf2 Qb5+ 94. Ka3 Qc6 95. Qe3 Qd6+ 96. Ka2 Qd5+ 97. Kb2 Qg2+ 98. Ka3 Qc6 99. Qd3+ Kb7 100. Qd4 Ka6 101. Qb4 f5 102. Qd4 Kb7 103. Bd2 Ka6 104. Qd3+ Qb5 105. Qd6+ Kb7 106. Bb4 Qc6 107. Qe7+ Ka6 108. Qe3 Kb7 109. Qf4 Qe4 110. Qd2 Qf3+ 111. Kb2 Qc6 112. Qf2 Qb5 113. Qd4 Qe2+ 114. Bd2 Qb5+ 115. Ka3 f4 116. Qxf4 Qd3+ 117. Kb2 Qb5+ 118. Bb4 Qe2+ 119. Ka3 Qd3+ 120. Kb2 Qe2+ 12 . Kb3 Qe6+ 122. Kc2 Qe2+ 123. Kc3 Qe1+ 124. Kc4 Qe6+ 125. Kd4 Qd7+ 126. Ke3 Qe6+ 127. Kf2 Qa2+ 128. Bd2 Qd5 129. Kg3 Qg8+ 130. Kf2 Qd5 131. Qb4+ Ka8 132. Bf4 Qb7 133. Qf8+ 1-0

[Event "Pre-Continental g/25,10, Sao Paulo BRA"]
[Site "?"]
[Date "2001.??.??"]
[Round "5"]
[White "Leitao, R."]
[Black "Matsuura, E."]
[Result "1-0"]
[WhiteElo "2570"]
[BlackElo "2435"]
[PlyCount "49"]
[EventDate "2001.??.??"]
[Source "www.chesslib.no"]
[SourceDate "2004.05.04"]

1. d4 Nf6 2. c4 d6 3. Nc3 e5 4. Nf3 e4 5. Ng5 Bf5 6. g4 Bxg4 7. Ngxe4 Nxe4 8. Nxe4 Bf5 9. Bg2 c6 10. Qb3 Qe7 11. Ng3 Bc8 12. Bf4 Qf6 13. Qe3+ Qe6 14. Ne4 d5 15. cxd5 cxd5 16. Nc3 Bb4 17. Bxd5 Qxe3 18. fxe3 Nc6 19. a3 Bxc3+ 20. bxc3 Be6 21. Bf3 O-O-O 22. Rb1 Na5 23. Kf2 f5 24. c4 Rhf8 25. Rhc1 1-0

[Event "RUS-Cup"]
[Site "Tula "]
[Date "1999.??.??"]
[Round "6"]
[White "Yevseev, Denis"]
[Black "Kovalevskaya, Ekaterina"]
[Result "1/2-1/2"]
[WhiteElo "2503"]
[BlackElo "2499"]
[PlyCount "47"]
[EventDate "1999.??.??"]
[Source "www.chesslib.no"]
[SourceDate "2004.05.04"]

1. d4 Nf6 2. c4 d6 3. Nc3 e5 4. Nf3 Nbd7 5. Bg5 c6 6. e3 Qa5 7. Bh4 Be7 8. Qc2 Nf8 9. h3 Ng6 10. Bg3 O-O 11. Be2 b5 12. O-O b4 13. dxe5 dxe5 14. Ne4 Nd7 15. Ned2 f5 16. c5 Kh8 17. Nc4 Qxc5 18. Nfd2 Nb6 19. Nb3 Qd5 20. Rad1 Qe6 21. Nca5 Qf6 22. f4 exf4 23. exf4 Be6 24. Bf3 1/2-1/2

[Event "Open"]
[Site "Calcutta"]
[Date "2004.11.15"]
[Round "9"]
[White "Neelotpal, Das"]
[Black "Romanishin, Oleg M"]
[Result "0-1"]
[WhiteElo "2458"]
[BlackElo "2543"]
[PlyCount "76"]
[EventDate "2004.11.08"]
[Source "Roberto Alvarez"]
[SourceDate "2004.12.13"]

1. d4 Nf6 2. c4 d6 3. Nc3 e5 4. Nf3 e4 5. Ng5 Bf5 6. g3 h6 7. Nh3 g6 8. Nf4 Bg7 9. Nfd5 Nxd5 10. cxd5 Nd7 11. Bg2 Nf6 12. h3 O-O 13. O-O b5 14. Qb3 Rb8 15. Nd1 a5 16. Ne3 Bd7 17. Bd2 b4 18. Rfc1 Ne8 19. Bxe4 Bxd4 20. Nc4 a4 21. Qd3 Bg7 22. Bg2 f5 23. Rab1 Nf6 24. a3 b3 25. e3 Ne4 26. Bb4 Qe7 27. Qd1 Rfe8 28. Be1 Bb5 29. Na5 Qf7 30. Nc6 Bxc6 31. Rxc6 Rb5 32. Bf1 Rc5 33. Ra6 Qd7 34. Ra7 Kh8 35. Be2 Rc2 36. Rc1 Rc5 37. Bf3 Bxb2 38. Rxc5 dxc5 0-1

[Event "Andorra la Vella op 20th"]
[Site "Andorra la Vella"]
[Date "2002.07.09"]
[Round "4"]
[White "Narciso Dublan, Marc"]
[Black "Nevednichy, Vladislav"]
[Result "1-0"]
[WhiteElo "2460"]
[BlackElo "2537"]
[PlyCount "111"]
[EventDate "2002.07.06"]
[Source "ChessBase"]
[SourceDate "2002.09.11"]

1. d4 Nf6 2. c4 d6 3. Nc3 e5 4. Nf3 Nbd7 5. Bg5 Be7 6. e3 O-O 7. Qc2 c6 8. O-O-O Qa5 9. Kb1 h6 10. Bh4 Re8 11. h3 Rb8 12. Bg3 Bf8 13. c5 exd4 14. exd4 Ra8 15. cxd6 Nb6 16. Nd2 Be6 17. Nb3 Bxb3 18. Qxb3 Re6 19. Be5 Bxd6 20. f4 Bb4 21. d5 Nfxd5 22. Nxd5 cxd5 23. Bd3 Rc6 24. a3 Bd6 25. Bxd6 Rxd6 26. Rhe1 Qa4 27. Qxa4 Nxa4 28. Rc1 Rc6 29. Bc2 Nc5 30. Rcd1 Rac8 31. Rxd5 g6 32. f5 g5 33. b4 Na6 34. Bd3 Nc7 35. Rd7 Ne8 36. Be4 Rd6 37. Bxb7 Rxd7 38. Bxc8 Rd8 39. Ba6 Nc7 40. Bc4 Rd4 41. Rc1 Kg7 42. Kb2 Ne8 43. Kc3 Rd8 44. a4 Nd6 45. Bd3 h5 46. b5 Nb7 47. Be2 Rc8+ 48. Kb2 Rxc1 49. Kxc1 Nc5 50. Bd1 Kf6 51. Kb2 Kxf5 52. Kc3 g4 53. hxg4+ hxg4 54. a5 Kf4 55. Kd4 Ne6+ 56. Kd5 1-0

[Event "Moscow RUS"]
[Site "?"]
[Date "2006.03.20"]
[Round "1.1"]
[White "Konovalov Nikolay"]
[Black "Glek Igor V"]
[Result "1-0"]
[WhiteElo "2427"]
[BlackElo "2560"]
[PlyCount "73"]
[EventDate "2006.??.??"]
[Source "www.chesslib.no"]
[SourceDate "2004.05.04"]

1. d4 Nf6 2. c4 d6 3. Nc3 e5 4. Nf3 e4 5. Nd2 e3 6. fxe3 c5 7. g3 h5 8. Nf3 h4 9. Nxh4 Rxh4 10. gxh4 Ng4 11. Bg2 Qxh4+ 12. Kd2 cxd4 13. exd4 Nf2 14. Qg1 Nc6 15. e3 Nxh1 16. Bxh1 Bf5 17. Qg3 Qh7 18. b3 O-O-O 19. Bb2 Be7 20. Bf3 Re8 21. Nd5 Bb1 22. Bd1 Bh4 23. Qxd6 Bd8 24. Bg4+ Bf5 25. Bxf5+ Qxf5 26. Qg3 Re6 27. Rg1 Rg6 28. Qe1 Rh6 29. Rg2 Qe4 30. Qg1 g5 31. Nc3 Qh7 32. Rf2 f5 33. Nd5 Rh3 34. Kc1 Ne7 35. e4 Qh4 36. exf5 Nxd5 37. cxd5 1-0

[Event "CRO-chT"]
[Site "Pula"]
[Date "1999.09.12"]
[Round "4"]
[White "Cebalo, Miso"]
[Black "Dizdarevic, Emir"]
[Result "1/2-1/2"]
[WhiteElo "2453"]
[BlackElo "2527"]
[PlyCount "126"]
[EventDate "1999.09.05"]
[Source "www.chesslib.no"]
[SourceDate "2004.05.04"]

1. d4 Nf6 2. c4 d6 3. Nc3 e5 4. Nf3 e4 5. Nd2 Qe7 6. e3 g6 7. Be2 Bg7 8. b4 h5 9. b5 Bf5 10. h3 Nbd7 11. a4 Nf8 12. Ba3 Ne6 13. Nb3 Nd7 14. Rc1 Qg5 15. g3 Qd8 16. Kd2 Nf6 17. g4 hxg4 18. hxg4 Rxh1 19. Qxh1 Nxg4 20. Nxe4 Rb8 21. Rg1 Bxe4 22. Qxe4 Nxf2 23. Qg2 Ng5 24. Kc2 Nfe4 25. Bd3 Qe7 26. a5 Kf8 27. b6 axb6 28. axb6 c5 29. Nd2 Ra8 30. Nxe4 Nxe4 31. Bb2 Nf6 32. Qf3 Ra6 33. Ra1 Rxa1 34. Bxa1 Qd7 35. Bc3 cxd4 36. exd4 Kg8 37. Kb3 d5 38. c5 Qc6 39. Qf4 Qe8 40. Kb4 Kh7 41. Qh2+ Kg8 42. Qf4 Nd7 43. Qc7 Qe3 44. Qxd7 Qxd3 45. Qxd5 Qb1+ 46. Qb3 Qe4 47. Qc4 g5 48. c6 bxc6 49. Ka5 Be5 50. Qc5 Bf4 51. Bb4 Kh7 52. b7 Kg6 53. Kb6 f6 54. Bc3 g4 55. Qxc6 Qb1+ 56. Kc5 Qb3 57. Bb4 g3 58. Qe4+ Kg5 59. Qxf4+ Kxf4 60. b8=Q+ Kg4 61. Qb7 f5 62. Qg7+ Kf3 63. Qb7+ Kg4 1/2-1/2

[Event "Trimex Open"]
[Site "?"]
[Date "1995.??.??"]
[Round "4"]
[White "Zagorskis Darius"]
[Black "Appel Ralf"]
[Result "1/2-1/2"]
[WhiteElo "2550"]
[BlackElo "2430"]
[PlyCount "55"]
[EventDate "1995.??.??"]
[Source "www.chesslib.no"]
[SourceDate "2004.05.04"]

1. d4 Nf6 2. c4 d6 3. Nc3 e5 4. Nf3 exd4 5. Nxd4 g6 6. g3 Bg7 7. Bg2 O-O 8. O-O Nbd7 9. b3 a5 10. Qc2 Nc5 11. Rd1 Re8 12. e4 Ne6 13. Ndb5 Ng4 14. h3 Ne5 15. Be3 Bd7 16. Rac1 Nc6 17. Qd2 Nb4 18. f4 Bc6 19. a3 Na6 20. Qc2 Re7 21. e5 Bxg2 22. exd6 Bxh3 23. dxe7 Qxe7 24. Qf2 Bg4 25. Re1 c6 26. Nd4 Qxa3 27. Nxe6 Bxe6 28. Bd4 1/2-1/2

[Event "XVII Festival - Open A"]
[Site "Cracovia POL"]
[Date "2007.01.02"]
[Round "7"]
[White "Shishkin, Va UKR"]
[Black "Firman, N."]
[Result "0-1"]
[WhiteElo "2484"]
[BlackElo "2495"]
[PlyCount "90"]
[EventDate "2006.12.27"]
[Source "www.chesslib.no"]
[SourceDate "2004.05.04"]

1. d4 Nf6 2. c4 d6 3. Nc3 e5 4. Nf3 e4 5. Ng5 Qe7 6. Qc2 Nc6 7. Be3 Bf5 8. Nd5 Nxd5 9. cxd5 Nd8 10. g4 Bxg4 11. Qxe4 Bd7 12. Rc1 Rc8 13. Bg2 h6 14. Qxe7+ Bxe7 15. Ne4 f5 16. Nc3 Bf6 17. f4 c5 18. dxc6 Nxc6 19. d5 Na5 20. Bxa7 Nc4 21. Nd1 Kf7 22. b3 Na3 23. Be3 Rc2 24. Rxc2 Nxc2+ 25. Kd2 Rc8 26. Nf2 Nxe3 27. Kxe3 Rc2 28. Nd3 Rxa2 29. Rc1 Bd8 30. Kf3 g5 31. fxg5 hxg5 32. h3 Bb6 33. Bf1 Kf6 34. Rc4 Be8 35. h4 Bh5+ 36. Kg3 Bxe2 37. hxg5+ Kxg5 38. Bxe2 Rxe2 39. Nc1 Rd2 40. Kf3 Rf2+ 41. Kg3 f4+ 42. Kh3 Rf3+ 43. Kg2 Kg4 44. Rc2 Rg3+ 45. Kh2 Rh3+ 0-1

[Event "Soviet Union"]
[Site "Soviet Union"]
[Date "1974.??.??"]
[Round "?"]
[White "Zilberstein, David"]
[Black "Lerner, Konstantin Z"]
[Result "0-1"]
[WhiteElo "2500"]
[BlackElo "2475"]
[PlyCount "86"]
[EventDate "1974.??.??"]
[Source "www.chesslib.no"]
[SourceDate "2004.05.04"]

1. d4 Nf6 2. c4 d6 3. Nc3 e5 4. Nf3 e4 5. Ng5 Bf5 6. g4 Bxg4 7. Bg2 Nc6 8. Ngxe4 Nxe4 9. Nxe4 Be7 10. O-O O-O 11. f3 Bd7 12. f4 f5 13. Nc3 Bf6 14. Be3 Be8 15. Bf2 Bh5 16. Qd2 Bh4 17. Nd5 Bxf2+ 18. Rxf2 Qd7 19. b4 Nd8 20. Nc3 c6 21. e4 fxe4 22. Nxe4 Bg4 23. Raf1 g6 24. Ng3 Bf5 25. d5 Rc8 26. Nxf5 gxf5 27. Re1 Nf7 28. dxc6 bxc6 29. Bd5 Rfe8 30. Rg2+ Kf8 31. Rxe8+ Rxe8 32. Bxf7 Kxf7 33. Qd4 Rg8 34. Rxg8 Kxg8 35. b5 cxb5 36. Qd5+ Qf7 37. Qg2+ Qg6 38. cxb5 Kf7 39. Qxg6+ hxg6 40. Kf2 Ke6 41. Ke3 Kd5 42. Kd3 Kc5 43. a4 Kb4 0-1

[Event "Leipzig"]
[Site "Leipzig"]
[Date "1980.??.??"]
[Round "13"]
[White "Knaak, Rainer"]
[Black "Hesse, Peter"]
[Result "1-0"]
[WhiteElo "2535"]
[BlackElo "2440"]
[PlyCount "77"]
[EventDate "1980.12.??"]
[Source "www.chesslib.no"]
[SourceDate "2004.05.04"]

1. d4 Nf6 2. c4 d6 3. Nc3 e5 4. Nf3 Nc6 5. g3 Bg4 6. Bg2 Be7 7. d5 Nb8 8. h3 Bh5 9. Qb3 Bxf3 10. Bxf3 b6 11. Qc2 Nbd7 12. a3 a5 13. Rb1 O-O 14. b4 Ne8 15. O-O f5 16. Nb5 Bg5 17. Bg2 Bxc1 18. Rbxc1 f4 19. gxf4 Rxf4 20. e3 Rh4 21. f4 Qe7 22. Qf2 axb4 23. axb4 Rh6 24. Ra1 Rxa1 25. Rxa1 Rf6 26. Ra8 Rf8 27. Rc8 Ndf6 28. fxe5 Qxe5 29. Qf4 Qa1+ 30. Kh2 Rf7 31. Nd4 Qa6 32. Qf5 Qxc4 33. Qe6 Kf8 34. Qxd6+ cxd6 35. Rxc4 Rb7 36. Rc8 Ke7 37. h4 g6 38. Nc6+ Kf7 39. Nd8+ 1-0

[Event "Moscow RUS"]
[Site "?"]
[Date "2006.03.20"]
[Round "1.2"]
[White "Riazantsev Alexander"]
[Black "Maksimov Oleg"]
[Result "1-0"]
[WhiteElo "2594"]
[BlackElo "2380"]
[PlyCount "75"]
[EventDate "2006.??.??"]
[Source "www.chesslib.no"]
[SourceDate "2004.05.04"]

1. d4 Nf6 2. c4 d6 3. Nc3 e5 4. Nf3 e4 5. Nd2 Qe7 6. e3 Bf5 7. Be2 h5 8. b4 g6 9. a4 Bg7 10. b5 O-O 11. a5 c5 12. bxc6 bxc6 13. Ba3 c5 14. Nb3 Na6 15. O-O Rab8 16. Rb1 Rfc8 17. Nb5 Ne8 18. dxc5 dxc5 19. N3d4 Bh3 20. gxh3 Qg5+ 21. Kh1 cxd4 22. exd4 Rd8 23. d5 Qh4 24. Qb3 Be5 25. Qe3 Rb7 26. Rg1 Rdb8 27. Rbf1 Nac7 28. f4 exf3 29. Qxe5 Nxb5 30. Bb2 f6 31. Rxg6+ Ng7 32. Rxg7+ Kxg7 33. Rg1+ Kf8 34. Qe6 Rg7 35. Ba3+ Nxa3 36. Qd6+ Kg8 37. Qxb8+ Kh7 38. Bd3+ 1-0

[Event "UKR-chT"]
[Site "Alushta"]
[Date "1999.??.??"]
[Round "6"]
[White "Savchenko, Stanislav"]
[Black "Savon, Vladimir A"]
[Result "1-0"]
[WhiteElo "2539"]
[BlackElo "2427"]
[PlyCount "37"]
[EventDate "1999.04.??"]
[Source "ChessBase"]
[SourceDate "1999.07.10"]

1. d4 Nf6 2. c4 d6 3. Nc3 e5 4. Nf3 e4 5. Ng5 Qe7 6. f3 exf3 7. gxf3 g6 8. Nh3 Bg7 9. e4 Bxh3 10. Bxh3 Nxe4 11. Nxe4 Qh4+ 12. Nf2 Bxd4 13. O-O Bxf2+ 14. Kg2 Bd4 15. Re1+ Kf8 16. Qxd4 Qxd4 17. Bh6+ Qg7 18. Re8+ Kxe8 19. Bxg7 1-0

[Event "Kuopio op1"]
[Site "Kuopio"]
[Date "1995.??.??"]
[Round "?"]
[White "Yrjola, Jouni"]
[Black "Kveinys, Aloyzas"]
[Result "1/2-1/2"]
[WhiteElo "2440"]
[BlackElo "2525"]
[PlyCount "26"]
[EventDate "1995.??.??"]
[Source "www.chesslib.no"]
[SourceDate "2004.05.04"]

1. d4 Nf6 2. c4 d6 3. Nc3 e5 4. Nf3 Nbd7 5. Bg5 c6 6. Qc2 Be7 7. e3 O-O 8. O-O-O Qa5 9. Kb1 Re8 10. Bd3 Nf8 11. h4 Bg4 12. dxe5 dxe5 13. Bf5 Bb4 1/2-1/2